Documento firmado por Ignacio Valdivielso (Record no. 4823)

MARC details
000 -CABECERA
campo de control de longitud fija 01560nam a2200313 a 4500
001 - NÚMERO DE CONTROL
campo de control BRCA_5129
005 - FECHA Y HORA DE LA ÚLTIMA TRANSACCIÓN
campo de control 20190320204942.0
008 - DATOS DE LONGITUD FIJA--INFORMACIÓN GENERAL
campo de control de longitud fija 191110s1844----mx-######v---#000-0#spa-#
041 ## - CÓDIGO DE LENGUA
Código de lengua del texto/banda sonora o título independiente spa
044 ## - CÓDIGO DEL PAÍS DE LA ENTIDAD EDITORA/PRODUCTORA
Código MARC del país mx
084 ## - OTRO NÚMERO DE CLASIFICACIÓN
Número de clasificación DOC102C
Número de documento/Ítem .V35
-- 1844
100 1# - ENTRADA PRINCIPAL--NOMBRE DE PERSONA
Nombre de persona Valdivielso, Ignacio
Fechas asociadas al nombre 1805-1861
9 (RLIN) 13093
245 10 - MENCIÓN DE TÍTULO
Título Documento firmado por Ignacio Valdivielso
Mención de responsabilidad, etc. Ignacio Valdivielso, Eduardo Goroztiza.
260 ## - PUBLICACIÓN, DISTRIBUCIÓN, ETC.
Lugar de publicación, distribución, etc. México
Fecha de publicación, distribución, etc. 1844
300 ## - DESCRIPCIÓN FÍSICA
Extensión [4] fojas
Dimensiones 27 x 21 cm
500 ## - NOTA GENERAL
Nota general Documento firmado el 26 de julio de 1844
500 ## - NOTA GENERAL
Nota general Ignacio Valdivielso escribe a Eduardo Goroztiza encargándole de los Negocios Interiores de Méjico. Comunica haberle acreditado su nombramiento ante las autoridades españolas y le da instrucciones de cómo mantener las relaciones comerciales especialmente las de comercio a menudeo, así como las cuestiones en Texas
500 ## - NOTA GENERAL
Nota general El documento contiene la leyenda DOC. #266
500 ## - NOTA GENERAL
Nota general Papel con marca de agua
500 ## - NOTA GENERAL
Nota general Al margen: LEGACIÓN MEJICANA CERCA DE S. M. CATÓLICA
500 ## - NOTA GENERAL
Nota general Estado de conservación: Contiene manchas de acidificación
506 0# - NOTA DE RESTRICCIONES AL ACCESO
Limitaciones de acceso Fondo reservado: para su consulta es necesario credencial de usuario y carta de motivos
546 ## - NOTA DE LENGUA/LENGUAJE
Nota de lengua/lenguaje Texto en: español de mediados del siglo XIX
600 14 - PUNTO DE ACCESO ADICIONAL DE MATERIA--NOMBRE DE PERSONA
Nombre de persona Valdivielso, Ignacio
Fechas asociadas al nombre 1805-1861
9 (RLIN) 13093
650 14 - PUNTO DE ACCESO ADICIONAL DE MATERIA--TÉRMINO DE MATERIA
Término de materia o nombre geográfico como elemento de entrada Relaciones internacionales
Subdivisión de forma Manuscrito
Subdivisión general Historia
Subdivisión cronológica Federalismo y centralismo, 1824-1853
Subdivisión geográfica México
9 (RLIN) 13094
700 1# - PUNTO DE ACCESO ADICIONAL--NOMBRE DE PERSONA
Nombre de persona Goroztiza y Cepeda, Manuel María del Pilar Eduardo
Fechas asociadas al nombre 1789-1851
9 (RLIN) 13095
902 ## - CATALOGADOR
Iniciales FDH
942 ## - ELEMENTOS DE PUNTO DE ACCESO ADICIONAL (KOHA)
Fuente del sistema de clasificación o colocación Library of Congress Classification
Tipo de ítem Koha Documentos
Holdings
Estado de retiro Estado de pérdida Estado dañado No para préstamo Localización permanente Ubicación/localización actual Fecha de adquisición Total de préstamos Signatura topográfica completa Código de barras Fecha visto por última vez Precio válido a partir de Tipo de ítem Koha
El ejemplar forma parte de la colección y puede ser consultado según las políticas vigentes.       Biblioteca del Museo Franz Mayer (Rogerio Casas-Alatriste) Biblioteca del Museo Franz Mayer (Rogerio Casas-Alatriste) 19/11/2010   DOC102C .V35 1844 5473 22/03/2019 22/03/2019 Documentos